000 00466nam a22001457a 4500
008 250702b |||||||| |||| 00| 0 eng d
020 _a9789789050680
050 _aBS2330.3
_b.M33
100 _aMccain Danny
245 _aNotes on new testament introduction
260 _aplateau state
_bAfricain christian textbooks
_c2014
300 _a434p.
650 _aBible new testaments- outline syllab- introductions
_vBible new testaments- study and teaching
942 _cBK
999 _c4044
_d4044